000 00688nam a22001577a 4500
003 LRUA
005 20191022154031.0
008 191022b xxu||||| |||| 00| 0 eng d
040 _cRUA
082 _aAVM ENG 2018 B649 Or.1
100 _913959
_aENG THY អេង ទី
245 _aparasites toxocara vituro;um in calves in deomrus commune kandal stueng disrict,kandal province បរាសិត TOXOCARA VITULORUM ក្នុងក្រពះពោះរៀនកូនគោ នៅឃុំដើមឬស ស្រុកកណ្តាលស្ទឹង ខេត្តកណ្តាល
260 _aRUA
_bPhnom penh
_c2018
300 _ax;31p
_bill;
_c29cm
942 _2ddc
_cAVM
999 _c18318
_d18318